000 00341cam a2200133u 4500
040 _cCarP
082 _a572 MAS 1972 A080 Or.
100 1 _aWeil, Jacques Henry. [from old catalog]
245 1 0 _aBiochimie générale,
260 _aParis,
_bMasson,
_c1972.
300 _axvi, 394 p.
_billus.
_c21 cm.
650 0 _aBiochemistry.
942 _cFB
999 _c15813
_d15813